- Unesco
Entry Nombre Corporativo
Number of records used in: 109
001 - NÚMERO DE CONTROL
- campo de control: 22938
003 - IDENTIFICADOR DE NUMERO DE CONTROL
- campo de control: MX-MxUPN
005 - FECHA Y HORA DE LA ÜLTIMA TRANSACCIÓN
- campo de control: 20250804143558.0
008 - DATOS DE LONGITUD FIJA
- campo de control de longitud fija: 231129n||acnnnaabn a ana |d
035 ## - NÚMERO DE CONTROL
- Número de control: UPN10000022947
040 ## - FUENTE DE CATALOGACIÓN
- Agencia original de catalogación: MX-MxUPN
- Lenguaje de catalogación: spa
- Agencia transcribe: MX-MxUPN
053 #4 - NÚMERO DE CLASIFICACIÓN LC
- Classification number element--single number or beginning number of span: AS4 U8.3
110 2# - ENCABEZAMIENTO - NOMBRE CORPORATIVO
- Nombre corporativo o de jurisdicción como elemento de entrada : Unesco
370 ## - LUGAR ASOCIADO
- Place of residence/headquarters: París (Francia)
410 2# - MENCIÓN DE REFERENCIA “VÉASE” – NOMBRE DE ENTIDAD CORPORATIVA
- Corporate name or jurisdiction name as entry element: Educational and Cultural Organization of the United Nations
410 2# - MENCIÓN DE REFERENCIA “VÉASE” – NOMBRE DE ENTIDAD CORPORATIVA
- Corporate name or jurisdiction name as entry element: Organización de las Naciones Unidas para la Educación, la Ciencia y la Cultura
410 2# - MENCIÓN DE REFERENCIA “VÉASE” – NOMBRE DE ENTIDAD CORPORATIVA
- Corporate name or jurisdiction name as entry element: U.N.E.S.C.O
670 ## - FUENTE EN LA QUE SE LOCALIZARON DATOS
- Cita de la fuente : LC/P
- Información localizada: Unesco
902 ## - CATALOGADOR
- Catalogador: MMA/170696
